Diagnóstico de los Centros Regionales. Volumen 2: Algunas características del personal docente, administrativo y de apoyo académico /
Presenta una caracterización del personal docente y administrativo de los CEntros Regionales de la Universidad de Costa Rica, haciendo una relación con las características que se presentan en el Recinto central. Elabora un perfil del personal de esos centros en base a las variables de sexo, edad, es...
Gespeichert in:
| Körperschaft: | |
|---|---|
| Format: | Text |
| Sprache: | Spanish |
| Veröffentlicht: |
San Pedro de M. de O.:
UCR. Oficina de Publicaciones ;
1987.
|
| Schlagworte: | |
| Tags: |
Tag hinzufügen
Keine Tags, Fügen Sie den ersten Tag hinzu!
|
MARC
| LEADER | 00000 a a2200000 04500 | ||
|---|---|---|---|
| 001 | 13005 | ||
| 003 | cru IIS | ||
| 005 | 20220805105326.0 | ||
| 008 | 220805s1987 cr|||||| |||| 00| 0 spa d | ||
| 020 | |a 9977-917-53-1 | ||
| 022 | |a 9977-917-53-1 | ||
| 040 | |a Centro de Recursos para el Aprendizaje y la Investigación |b esp |c cru IIS | ||
| 090 | |a 13.09.09 U58d | ||
| 110 | |a UCR. Rectoría. Oficina de Planificación Universitaria | ||
| 245 | |a Diagnóstico de los Centros Regionales. |b Volumen 2: Algunas características del personal docente, administrativo y de apoyo académico / |c Universidad de Costa Rica. Oficina de Planificación Universitaria. | ||
| 260 | |a San Pedro de M. de O.: |b UCR. Oficina de Publicaciones ; |c 1987. | ||
| 300 | |a 70 páginas | ||
| 300 | |b **no definido** | ||
| 520 | |a Presenta una caracterización del personal docente y administrativo de los CEntros Regionales de la Universidad de Costa Rica, haciendo una relación con las características que se presentan en el Recinto central. Elabora un perfil del personal de esos centros en base a las variables de sexo, edad, estado civil, etc. Por lo demás, se relacionan variables de 'tipo personal con variables de 'tipo profesional', tales como: años de servicio, condición laboral y nivel educativo. HMB/mb | ||
| 650 | |a PLANES DE DESARROLLO | ||
| 650 | |a DOCENTES | ||
| 650 | |a TRABAJADORES | ||
| 650 | |a UNIVERSIDAD DE COSTA RICA | ||
| 650 | |a GRUPOS DE EDAD | ||
| 650 | |a SEXO | ||
| 650 | |a ESTADO CIVIL | ||
| 650 | |a TRABAJADORES | ||
| 650 | |a DOCENTES | ||
| 650 | |a GRUPOS DE EDAD | ||
| 650 | |a SEXO | ||
| 852 | 1 | 1 | |a 13.09.09 U58d |
| 942 | |2 ddc |c LI |h 13.09.09 U58d |k 13.09.09 |m U58d |6 130909_U58D | ||
| 999 | |c 5958 |d 5958 | ||



